000 01336cam a2200349 i 4500
001 18762223
003 LC
005 20170217163812.0
008 150827s2015 enk b 001 0 eng
010 _a 2015024839
020 _a9780415893923 (hardback)
020 _a9780415893930 (pbk.)
020 _z9781315882741 (e-book)
040 _aDLC
_beng
_cDLC
_erda
_dDLC
042 _apcc
050 0 0 _aLB 2395.3
_b.R43 2016
082 0 0 _a418/.40711
245 0 0 _aReading in a second language :
_bcognitive and psycholinguistic issues /
_cedited by Xi Chen, Vedran Dronjic, and Rena Helms-Park.
300 _axvii, 315 pages ;
_c23 cm
504 _aIncludes bibliographical references and index.
650 0 _aReading (Higher education)
650 0 _aSecond language acquisition.
650 0 _aEnglish language
_xStudy and teaching (Higher)
_xForeign speakers.
650 0 _aReading comprehension.
650 0 _aPsycholinguistics.
700 1 _aChen, Xi,
_d1974-
_eeditor.
700 1 _aDronjic, Vedran,
_eeditor.
700 1 _aHelms-Park, Rena,
_eeditor.
906 _a7
_bcbc
_corignew
_d1
_eecip
_f20
_gy-gencatlg
942 _2lcc
_cBK
999 _c306696
_d306696